Responsabilidad penal de la empresa / (Registro nro. 173702)

Detalles MARC
000 -LEADER
fixed length control field 01277cam a2200373 i 4500
001 - CONTROL NUMBER
control field 21998975
006 - FIXED-LENGTH DATA ELEMENTS--ADDITIONAL MATERIAL CHARACTERISTICS--GENERAL INFORMATION
fixed length control field m o d
007 - PHYSICAL DESCRIPTION FIXED FIELD--GENERAL INFORMATION
fixed length control field cr un ---uuuua
008 - FIXED-LENGTH DATA ELEMENTS--GENERAL INFORMATION
fixed length control field 210222s2020 ck ob 000 0 spa d
010 ## - LIBRARY OF CONGRESS CONTROL NUMBER
LC control number 2021399189
020 ## - INTERNATIONAL STANDARD BOOK NUMBER
International Standard Book Number 9789587913378
035 ## -
-- 42263
040 ## - CATALOGING SOURCE
Original cataloging agency UtOrBLW
Language of cataloging eng
Description conventions rda
Transcribing agency UtOrBLW
042 ## -
-- pcc
043 ## -
-- s-ck---
050 #4 -
-- KHH5622
-- .B47 2020
082 04 -
-- 345.8610268
-- 23
100 1# - MAIN ENTRY--PERSONAL NAME
Personal name Berruezo, Rafael,
Relator term author.
245 10 - TITLE STATEMENT
Title Responsabilidad penal de la empresa /
Statement of responsibility, etc Rafael Berruezo ; prólogo, Hoover Wadith Ruiz Rengifo.
250 ## -
-- [1a ed.].
264 #1 -
-- Bogotá, D.C., Colombia :
-- Grupo Editorial Ibáñez,
-- [2020]
300 ## - PHYSICAL DESCRIPTION
Extent 1 online resource (285 pages)
336 ## -
-- text
-- txt
-- rdacontent
337 ## -
-- computer
-- c
-- rdamedia
338 ## -
-- online resource
-- cr
-- rdacarrier
504 ## - BIBLIOGRAPHY, ETC. NOTE
Bibliography, etc Includes bibliographical references (pages 279-285).
650 #0 - SUBJECT ADDED ENTRY--TOPICAL TERM
Topical term or geographic name as entry element Corporation law
Geographic subdivision Colombia
General subdivision Criminal provisions.
650 #0 - SUBJECT ADDED ENTRY--TOPICAL TERM
Topical term or geographic name as entry element Commercial crimes
General subdivision Law and legislation
Geographic subdivision Colombia.
650 #0 - SUBJECT ADDED ENTRY--TOPICAL TERM
Topical term or geographic name as entry element Corporations
General subdivision Corrupt practices
Geographic subdivision Colombia.
700 1# - ADDED ENTRY--PERSONAL NAME
Personal name Ruiz Rengifo, Hoover Wadith,
Relator term writer of prologue.
856 40 - LOCALIZACIÓN Y ACCESO ELECTRÓNICO
Identificador Uniforme del Recurso (URI/URL) https://app.vlex.com/#/sources/42263
942 ## -
-- RAA
999 ## -
-- 173702
-- 173702

No hay ítems disponibles.


CONTACTO


NOSOTROS


SITIOS DE INTERES

coordinacion.biblioteca.biblioteca@unienlinea.mx Misión, Visión y Objetivos Bases de datos
Directorio Bibliotecas Digitales y Repositorios
Normatividad Revistas y artículos
Convenios interbibliotecarios
Boletines



Hecho en México. Universidad Insurgentes (UIN). Todos los derechos reservados 2024. Esta página y sus contenidos pueden ser reproducidos con fines no lucrativos, siempre y cuando no se mutile, se cite la fuente completa y su dirección electrónicas. De otra forma requiere permiso previo por escrito de la institución




2024 Copyright Universidad Insurgentes | www.bibliouin.com.mx